<?xml version="1.0" encoding="UTF-8"?>
<collection xmlns="http://www.loc.gov/MARC21/slim">
 <record>
  <leader>02026naa a2200193 i 4500</leader>
  <controlfield tag="001">acta57504</controlfield>
  <controlfield tag="005">20260224081030.0</controlfield>
  <controlfield tag="008">190520s2012    hu      o     100   hun d</controlfield>
  <datafield tag="020" ind1=" " ind2=" ">
   <subfield code="a">978-963-306-159-6</subfield>
  </datafield>
  <datafield tag="040" ind1=" " ind2=" ">
   <subfield code="a">SZTE Egyetemi Kiadványok Repozitórium</subfield>
   <subfield code="b">hun</subfield>
  </datafield>
  <datafield tag="041" ind1=" " ind2=" ">
   <subfield code="a">hun</subfield>
  </datafield>
  <datafield tag="100" ind1="1" ind2=" ">
   <subfield code="a">Gábor Tamás</subfield>
  </datafield>
  <datafield tag="245" ind1="1" ind2="0">
   <subfield code="a">China's monetary sterilization and it's economical relationship with the European Union</subfield>
   <subfield code="h">[elektronikus dokumentum] /</subfield>
   <subfield code="c"> Gábor Tamás</subfield>
  </datafield>
  <datafield tag="260" ind1=" " ind2=" ">
   <subfield code="c">2012</subfield>
  </datafield>
  <datafield tag="300" ind1=" " ind2=" ">
   <subfield code="a">356-381</subfield>
  </datafield>
  <datafield tag="490" ind1="0" ind2=" ">
   <subfield code="a">Crisis Aftermath: economic policy changes in the EU and its Member States : International Conference University of Szeged 8-9 March 2012 : conference Proceedings</subfield>
  </datafield>
  <datafield tag="520" ind1="3" ind2=" ">
   <subfield code="a">The author examines China’s monetary policy in the light of the sterilization process of the excess liquidity caused by the permanent foreign exchange rate intervention. The tools of the neutralization of the monetary oversupply, its effectiveness and its costs are also investigated. With the help of Two-stage least squares (2SLS) regression method it is demonstrated that the sterilization process of the yuan has been almost a total success on the level of the monetary base, and has been partially effective on the level of the M2 supply in the past 15 years. With a cost-benefit analysis it is highlighted that the practice of the monetary sterilization – which is thought to be loss-making in the literature – has been a profitable operation of the central bank up to date. After the demonstration of the monetary sterilization, the economic relationship between China and the European Union is investigated. It is pointed out that China’s role as a global importer and a global investor has been significantly appreciated. Thanks to China’s active economic presence in the European market during the crisis, the recession of the European economies were probably much moderate.</subfield>
  </datafield>
  <datafield tag="695" ind1=" " ind2=" ">
   <subfield code="a">Gazdasági kapcsolatok - Európai Unió - Kína</subfield>
  </datafield>
  <datafield tag="856" ind1="4" ind2="0">
   <subfield code="u">http://acta.bibl.u-szeged.hu/57504/1/crisis_aftermath_356-381.pdf</subfield>
   <subfield code="z">Dokumentum-elérés </subfield>
  </datafield>
 </record>
</collection>
